Statistiken für Liedtext - Skandal im Sperrbezirk - Spider Murphy Gang

Klicken Sie hier um das Quiz zu spielen!

Allgemein

  • Dieses Quiz wurde 1.146 mal gespielt
  • Das Durchschnittsergebnis liegt bei 195 aus 231

Antwortstatistiken

Textquiz% Korrekt
Rosi
98%
die
97%
im
97%
Im
97%
Skandal
97%
Sperrbezirk
96%
um
95%
ein
94%
Nummer
92%
schon
92%
der
91%
ich
91%
In
91%
in
91%
sich
91%
Füße
90%
hat
90%
ihre
90%
Nutten
90%
Stadt
90%
Und
90%
Ganz
89%
Stehen
89%
Auch
88%
hab'
88%
platt
88%
ganze
87%
großen
87%
München
87%
Nacht
87%
vor
87%
Das
86%
draußen
86%
steht
86%
Telefon
86%
acht
85%
Unter
84%
Hofbräuhaus
83%
Hotel
83%
raus
83%
Damen
82%
den
82%
Herrscht
82%
jeder
82%
nur
82%
sechzehn
82%
Konjunktur
81%
Langweilen
81%
müssen
81%
Weil
81%
dieser
80%
Doch
80%
keine
80%
Rosis
80%
wählt
80%
zwounddreißig
80%
Chance
78%
Damit
78%
einfach
78%
Freudenhäuser
78%
schönen
78%
Laster
75%
Sehnsucht
75%
ist
74%
es
73%
gut
72%
quält
72%
täglich
72%
dass
70%
informiert
70%
inseriert
70%
Ja
70%
wenn
70%
Wie
69%
gibt
68%
L'Amour
67%
Frau
65%
nicht
65%
deine
64%
dich
63%
liebt
61%
Moral
38%

Verteilung der Resultate

Perzentil nach korrekt beantworteten Fragen

Anzahl Personen mit jedem Resultat

Ihre Resultats-Entwicklung

Sie haben dieses Quiz noch nicht gespielt